Ten Muslims Meet Christ (Record no. 3562)

MARC details
000 -LEADER
fixed length control field 00567nam a2200229 a 4500
020 ## - INTERNATIONAL STANDARD BOOK NUMBER
ISBN
082 00 - DEWEY DECIMAL CLASSIFICATION NUMBER
Classification number 248.24
Author Cutter MIL1
100 ## - MAIN ENTRY--AUTHOR NAME
Author name Miller, William Mcelwee
245 ## - TITLE STATEMENT
Title Ten Muslims Meet Christ
260 ## - PUBLICATION, DISTRIBUTION, ETC. (IMPRINT)
Place of publication Secunderabad
Name of publisher Good News Lit.Centre
Year of publication 1974
300 ## - PHYSICAL DESCRIPTION
Number of Pages 163p
500 ## - GENERAL NOTE
General note includes index and biblioraphy
505 2# - FORMATTED CONTENTS NOTE
Formatted contents note Ill, Index
942 ## - ADDED ENTRY ELEMENTS (KOHA)
Koha item type Books
700 1# -
-- Miller, William Mcelwee
Holdings
Collection code Home library Current library Date acquired Cost, normal purchase price Full call number Accession Number Koha item type
  Henry Martyn Institute Library Henry Martyn Institute Library 05/24/2005 10.00 248.24 MIL1 07629 Books
                   Copyright © 2026 | Henry Martyn Institute | Hyderabad | TS-500052 | INDIA | Implemented by hmi.edu.in
Hit-Count:

Powered by Koha